000
00427nam a2200157Ia 4500
008
090124s9999 xx 000 0 und d
082
_b
28819
245
_a
पथ-प्रदीप
250
_a
0
260
_b
जीवन जागृती केंद्र
300
_a
176
630
_a
पथ-प्रदीप
700
_a
योग शिरीष
730
_a
पथ-प्रदीप
942
_c
BOOK
999
_c
94574
_d
94574